Liberty, and no Tories : The Honorable William Greene, Esq; gov. The Honorable Darius Sessions, Esq; deputy-gov. ...

Bibliographic Details
Format: eBook
Language:English
Published: [Providence?] : [publisher not identified], [1775]
Series:Early American imprints. Evans (1639-1800) ; no. 42930.
Subjects:
Online Access:Evans Digital Edition

MARC

Tag First Indicator Second Indicator Subfields
LEADER 00000cam a2200000 a 4500
001 in00002139702
006 m e d #
007 cr mn mmmmabba
008 820428s1775 riu s 000 0 eng d
005 20260330213517.5
035 |z w011237 
035 |a MAAR8204284402B 
035 |9 mwa91-11023 
035 |a 320903 
035 |a aas03011237 
040 |a MWA  |c MWA  |e bdrb  |d UtOrBLW 
245 0 0 |a Liberty, and no Tories :  |b The Honorable William Greene, Esq; gov. The Honorable Darius Sessions, Esq; deputy-gov. ... 
264 1 |a [Providence?] :  |b [publisher not identified],  |c [1775] 
300 |a 1 sheet (1 unnumbered page) ;  |c 19 x 12 cm. 
336 |a text  |b txt  |2 rdacontent 
337 |a computer  |b c  |2 rdamedia 
338 |a online resource  |b cr  |2 rdacarrier 
500 |a Rhode Island election proxy for 1775, with the names of Greene, Sessions, ten candidates for assistant, and the candidates for secretary, attorney general and general treasurer. 
500 |a Place of publication suggested by Alden. 
500 |a Printed area measures 16.3 x 9.5 cm. 
510 4 |a Bristol  |c B4104 
510 4 |a Shipton & Mooney  |c 42930 
510 4 |a Alden, J.E. Rhode Island,  |c 614 
530 |a Microform version available in the Readex Early American Imprints series. 
533 |a Electronic text and image data.  |b [Chester, Vt. :  |c Readex, a division of Newsbank, Inc.,  |d 2002-2004.  |e Includes files in TIFF, GIF and PDF formats with inclusion of keyword searchable text.  |f (Early American imprints. First series ; no. 42930). 
500 |a Electronic resource. 
600 1 0 |a Greene, William,  |d 1731-1809. 
600 1 0 |a Sessions, Darius,  |d 1717-1809. 
650 0 |a Elections  |z Rhode Island. 
651 0 |a Rhode Island  |x Politics and government  |y 1775-1783. 
655 7 |a Broadsides.  |2 rbgenr 
752 |a United States  |b Rhode Island  |d Providence. 
830 0 |a Early American imprints.  |n Series I,  |p Evans (1639-1800) ;  |v no. 42930. 
856 4 1 |u http://proxy.library.tamu.edu/login?url=https://opac.newsbank.com/select/evans/42930  |y Evans Digital Edition  |t 0 
999 |a MARS 
999 f f |s b40afe61-5ec1-34e7-921b-d9bed51d0bac  |i 491b581c-4930-3571-b602-2692a0bcc7d1  |t 0 
952 f f |a Texas A&M University  |b College Station  |c Electronic Resources  |s www_evans  |d Available Online  |t 0  |h No information provided 
998 f f |t 0  |l Available Online